| 000 | 00694nam a22001937a 4500 | ||
|---|---|---|---|
| 005 | 20251108164819.0 | ||
| 008 | 250721s1973 xx 000 0 ara d | ||
| 082 | 1 | 4 | _a813.09561/حسا |
| 100 | 1 | _aالخطيب، حسام | |
| 245 | 1 | 0 | _aسبل المؤثرات الأجنبية و أشكالها في القصة السورية الحديثة / |
| 264 | 1 |
_aالقاهرة : _bجامعة الدول العربية - معهد البحوث و الدراسات العربية، _c1973. |
|
| 300 | _a151ص | ||
| 650 | 1 | 7 | _aالقصص العربية |
| 650 | 1 | 7 | _aالتاريخ الأدبي |
| 650 | 1 | 7 | _aالنقد الأدبي |
| 650 | 1 | 7 | _aسورية |
| 942 |
_2ddc _cBK |
||
| 999 |
_c14984 _d14984 |
||